South Eastern Kenya University

Library Online Public Access Catalogue


RSS and Atom in action : (Record no. 12778)

MARC details
000 -LEADER
fixed length control field 00679cam a22002297a 4500
001 - CONTROL NUMBER
control field 14600878
003 - CONTROL NUMBER IDENTIFIER
control field OSt
005 - DATE AND TIME OF LATEST TRANSACTION
control field 20160419102014.0
008 - FIXED-LENGTH DATA ELEMENTS--GENERAL INFORMATION
fixed length control field 061019s2006 ctua 001 0 eng d
010 ## - LIBRARY OF CONGRESS CONTROL NUMBER
LC control number 2006298786
020 ## - INTERNATIONAL STANDARD BOOK NUMBER
International Standard Book Number 1932394494
040 ## - CATALOGING SOURCE
Original cataloging agency SEKU
050 00 - LIBRARY OF CONGRESS CALL NUMBER
Classification number QA76.62
Item number .J6
100 1# - MAIN ENTRY--PERSONAL NAME
Personal name Johnson, Dave
Fuller form of name (David Mason),
Dates associated with a name 1964-
245 10 - TITLE STATEMENT
Title RSS and Atom in action :
Remainder of title web 2.0 building blocks /
Statement of responsibility, etc. Dave Johnson ; [foreword by Simon Phipps].
260 ## - PUBLICATION, DISTRIBUTION, ETC. (IMPRINT)
Place of publication, distribution, etc. Greenwich, Conn. :
Name of publisher, distributor, etc. Manning,
Date of publication, distribution, etc. 2006.
300 ## - PHYSICAL DESCRIPTION
Extent xxvii, 368 p. :
Other physical details ill. ;
Dimensions 24 cm.
500 ## - GENERAL NOTE
General note Includes index.
650 #0 - SUBJECT ADDED ENTRY--TOPICAL TERM
Topical term or geographic name as entry element Internet programming.
650 #0 - SUBJECT ADDED ENTRY--TOPICAL TERM
Topical term or geographic name as entry element Web site development.
942 ## - ADDED ENTRY ELEMENTS (KOHA)
Source of classification or shelving scheme Library of Congress Classification
Koha item type General circulation
Holdings
Withdrawn status Lost status Source of classification or shelving scheme Damaged status Not for loan Home library Current library Shelving location Date acquired Source of acquisition Total Checkouts Full call number Barcode Date last seen Price effective from Koha item type Public note
    Library of Congress Classification     Main Campus Library Main Campus Library General Stacks 19/04/2016 Donation- Books for Africa   QA76.62 .J6 2016/016402 19/04/2016 19/04/2016 General circulation TNY
Kitui, Kenya.
+254736116989
library@seku.ac.ke